00650cam a22002053a 45000010005000000030006000050050017000110080041000280400015000690420007000840500007000911000054000982450104001522600029002565060030002855160020003156530040003358300028003758560041004033696PGUSA20140828083037.0030101s2003||||xxu|||||s|||||000 1 eng d aPGUSAbeng adc 4aPR1 aYonge, Charlotte M.q(Charlotte Mary),d1823-190114aThe Prince and the Page :bA Story of the Last Crusadeh[electronic resource] /cCharlotte M. Yonge bProject Gutenberg,c2003 aPublic domain in the USA. aElectronic text aCrusades -- Eighth, 1270 -- Fiction 0aProject Gutenbergv369640uhttp://www.gutenberg.org/ebooks/3696